| 000 | 00820cam a22002174a 4500 | ||
|---|---|---|---|
| 001 | 12761541 | ||
| 005 | 20250531120154.0 | ||
| 008 | 020501s2002 ilu b 000 0 eng | ||
| 020 | _a188127313X | ||
| 050 | 0 | 0 |
_aBV4580 _b.S94 2002 |
| 082 | 0 | 0 |
_a248.8/5 _221 |
| 100 | 1 |
_aSweeting, George, _d1924- |
|
| 245 | 1 | 4 |
_aThe joys of successful aging : _bfinishing with grace / _cGeorge Sweeting. |
| 260 |
_aChicago, Ill. : _bNorthfield Pub., _cc2002. |
||
| 300 |
_a141 p. ; _c23 cm. |
||
| 650 | 0 |
_aOlder Christians _xReligious life. |
|
| 650 | 0 |
_aAging _xReligious aspects _xChristianity. |
|
| 856 | 4 | 2 |
_3Publisher description _uhttp://www.loc.gov/catdir/enhancements/fy0613/2002070967-d.html |
| 856 | 4 | 2 |
_3Contributor biographical information _uhttp://www.loc.gov/catdir/enhancements/fy1203/2002070967-b.html |
| 942 |
_2lcc _cBK _n0 |
||
| 999 |
_c6097 _d6097 |
||